000 00687nam a2200277Ia 4500
005 20260324140520.0
008 008 260324s9999 xx 000 0 eng d
020 _a9781315806471
037 _aEBOOK
040 _aCRL
040 _beng
040 _cCRL
041 _2eng
041 _aeng
084 _qCRL
100 _aSuzanne Flynn; Wayne O'Neil; Gita Martohardjono
_91204691
245 4 _aThe Generative Study of Second Language Acquisition
260 _bTaylor and Francis
260 _c1998
365 _a
365 _b230
856 _uhttp://www.taylorfrancis.com/books/9781315806471
942 _cEBOOK
999 _c1806856
_d1806856